Orígenes y rasgos característicos de la crisis económica actual /
保存先:
| 第一著者: | |
|---|---|
| フォーマット: | テキスト |
| タグ: |
タグ追加
タグなし, このレコードへの初めてのタグを付けませんか!
|
MARC
| LEADER | 00000 a a2200000 04500 | ||
|---|---|---|---|
| 001 | 3142 | ||
| 003 | |||
| 040 | |||
| 100 | |a Pokataev, Yuri | ||
| 245 | |a Orígenes y rasgos característicos de la crisis económica actual / |c aYuri Pokataev | ||
| 773 | |g número 1; páginas 109-124 | ||
| 999 | |c 19661 |d 19661 | ||
